000 01162nam2a22002531 4500
001 RU\NLR\INFOCOMM6\1000375006
005 20250617054940.0
035 _a(NLR Aleph) 002499748
090 _a2582196
_c2582196
100 _a20040109d1863 |||y0rusy50 ca
101 0 _arus
102 _aRU
105 _ay |||||||||
200 1 _aРуководство к физиологии, Ч. 1 (окончание), Ч. 2 1-й отд., Ч. 2 2-й отд. (окончание), Ч. 3 [1-й отд.] (начало)
_fЛонже, Ф.А.
210 _d1863
_aБ. м.
461 0 _1001RU\NLR\INFOCOMM6\1000374974
_12001#$aБиблиотека медицинских наук, издаваемая под редакцией доктора М. Хана$iФизиология$v1863, дек.
_92581921
_cСПб.
_d1857-1864
_iФизиология
_tБиблиотека медицинских наук, издаваемая под редакцией доктора М. Хана
_v1863, дек.
700 1 _aЛонже
_bФ.А.
801 1 _aRU
_bInfoComm
_c20040109
801 0 _aRU
_bNLR
_gPSBO
852 _aNLR
_j2/62
942 _cISSUE
980 _aNB
980 _aRUSPER